Humanitární pomoc při zvládání rozsáhlých mimořádných událostí /

Salvato in:
Dettagli Bibliografici
Autore principale: Smetana, Marek (Autore)
Natura: Libro
Lingua:ceco
Pubblicazione: Ostrava SPBI 2013
Edizione:1. vyd.
Serie:Spektrum 86
Soggetti:
Tags: Aggiungi Tag
Nessun Tag, puoi essere il primo ad aggiungerne!!

MARC

LEADER 00000nam a22000003a 4500
001 0029702
003 SK-STU
005 20180110074508.7
007 ta
008 180110s ----xo-----e------000-0-----d
020 |a 978-80-7385-138-5 
040 |a STU  |b slo 
041 0 |a cze 
044 |a xr 
100 1 |a Smetana, Marek  |4 aut 
245 1 0 |a Humanitární pomoc při zvládání rozsáhlých mimořádných událostí /  |c aut. Marek Smetana 
250 |a 1. vyd. 
260 |a Ostrava  |b SPBI  |c 2013 
300 |a 96 s. 
490 0 |a Spektrum  |v 86 
650 0 7 |a mimoriadne udalosti 
650 0 7 |a humanitárna pomoc 
996 |b 284M087446  |c M* 14006-1  |l MMKN  |s A  |a 24  |w 0029702_0001